000 00316 a2200145 4500
001 149263
040 _cEscola São Tomás de Aquino
100 _aD´ASSUMPÇÃO, Gislaine Maria
240 1 0 _aPingo de luz
_lpor
245 1 0 _aPingo de luz
300 _a43
362 0 _a1998
697 _aRELIGIÃO
942 _cBK
999 _c149263
_d149263